| 000 | 00654nam a22002297a 4500 | ||
|---|---|---|---|
| 003 | 0 | ||
| 005 | 20260124125847.0 | ||
| 008 | 260124b xxu||||| |||| 00| 0 eng d | ||
| 020 | _a9781394251469 | ||
| 050 |
_aR 855 _b.W34 2024 |
||
| 100 | _aWahi, Monika | ||
| 245 |
_aBiostatistics for dummies _cMonika Wahi and John C. Pezzullo |
||
| 250 | _a2nd edition | ||
| 260 |
_aHoboken, New Jersey _bJohn Wiley & Sons, Inc. _c2024 |
||
| 300 |
_axiii, 383 pages ; _c24cm. |
||
| 504 | _aIncludes index. | ||
| 650 | _aBiostatistics. | ||
| 650 | _aStatistics — Methodology. | ||
| 650 | _aBiometry. | ||
| 700 | _aPezzullo, John C. | ||
| 942 |
_2lcc _cBK |
||
| 999 |
_c368760 _d368760 |
||